[Event "Offerspill Invitational 2020"]
[Site "Oslo"]
[Date "2020.06.17"]
[Round "8.1"]
[White "Djurhuus, Rune"]
[Black "Haug, Johannes"]
[Result "0-1"]
[WhiteElo "2437"]
[BlackElo "2431"]
[Annotator "TA"]
[PlyCount "110"]
[EventDate "2020.06.10"]
[EventType "swiss"]
[EventCountry "NOR"]
[SourceTitle "playchess.com"]
[Source "ChessBase"]
[SourceQuality "1"]

{[%evp 20,110,13,13,16,12,10,-17,2,-27,-25,-18,0,0,0,0,12,0,-8,-6,0,-5,0,-7,0,0,0,0,0,0,0,-9,0,1,9,0,0,-46,-44,-35,-47,-40,-41,-51,-25,-36,-19,-19,-19,-24,-12,-32,-7,-7,0,0,0,0,0,-84,-98,-85,-86,-152,-141,-265,-268,-386,-372,-466,-430,-493,-481,-757,-286,-615,-557,-659,-643,-675,-564,-762,-715,-654,-616,-1215,-946,-2355,-2349,-2238,-2184,-2081,-2047]} 1. d4 Nf6 2. Bg5 e6 3. Nd2 h6 4. Bh4 d5 5. e3 c5 6. c3 Be7 7. Bd3 b6 8. Ngf3 Bb7 9. Ne5 O-O 10. O-O Nbd7 {[%cal Bb8d7,Bd7f6,Bf6e4][%mdl 32]} 11. f4 Ne4 {D03: 1 d4 d5 2 Nf3 Nf6 3 Bg5, including Torre Attack with early ...d5.} 12. Bxe7 Qxe7 13. Qc2 {[%cal Rd2e4]} Ndf6 {The position is equal.} 14. Rf3 Nd6 15. Raf1 {[#]} cxd4 $146 ({Predecessor:} 15... Nfe4 16. Rh3 Qe8 17. Nxe4 dxe4 18. Be2 Rc8 19. Qd2 cxd4 20. exd4 Bd5 21. a3 Rc7 22. Rc1 b5 23. Ng4 {½-½ (23) Csiszar,Z (2220)-Kovacs,T Paks 1995}) 16. exd4 Nfe4 17. Rh3 Qe8 18. Qd1 f6 19. Ng4 Bc8 20. Re3 ({But not} 20. Nxh6+ gxh6 21. Qe1 (21. Qg4+ $2 Kf7 $19) 21... Bb7 $15) 20... Bd7 21. Qe2 Rc8 22. Nf2 {[%cal Rf2e4]} f5 23. Nf3 Bb5 24. Ne5 Rc7 25. Rh3 (25. Bxb5 {is interesting.} Qxb5 26. Qxb5 Nxb5 27. a4 Nbd6 28. h4) 25... Rf6 (25... Bxd3 {seems wilder.} 26. Nfxd3 b5 27. a3 a5 28. Ra1 Nc4) 26. Bxb5 Qxb5 27. Qxb5 (27. Qc2 {with more complications.} Nc4 28. Nfd3 Qa6 29. Ra1 Nxe5 30. Nxe5 b5 31. Qe2) 27... Nxb5 28. Nxe4 fxe4 29. g4 Nd6 30. g5 hxg5 31. fxg5 Rxf1+ 32. Kxf1 Nc4 33. Nxc4 Rxc4 $11 {[%mdl 4096] Endgame KR-KR} 34. g6 Rc8 35. Ke2 Rf8 36. c4 Rf6 37. c5 {Rc3 is the strong threat.} Rxg6 {Strongly threatening ...bxc5.} 38. c6 {aiming for c7.} Rf6 $1 39. c7 (39. b4 $11 {remains equal.}) 39... Rf8 $17 {Black keeps a firm grip on the game.} 40. Ra3 {[#]} a5 $1 41. Rc3 (41. Rb3 $142 Rc8 42. Rxb6) 41... Rc8 42. Ke3 {[#]} (42. h4 $17) 42... g5 $1 $19 43. Kf2 (43. Kd2 {was worth a try.}) 43... Kf7 44. Kg3 Ke7 45. Kg4 Kd6 46. Kxg5 (46. Rb3 $142 e5 47. dxe5+ Kxe5 48. Rxb6 Rxc7 49. Rb8) 46... Rxc7 $2 (46... e5 47. dxe5+ Kxe5) 47. Rb3 $2 (47. Rxc7 Kxc7 48. Kf4) 47... Rb7 {Black is clearly winning.} 48. Kf6 a4 49. Rg3 {White hopes to continue with h4.} Rb8 50. Kf7 Rh8 51. h3 Rh6 52. b4 e5 53. Kg7 exd4 54. Kxh6 d3 55. Rg6+ Ke5 {Accuracy: White = 49%, Black = 92%.} 0-1

[Event "Offerspill Invitational 2020"]
[Site "Oslo"]
[Date "2020.06.17"]
[Round "8.2"]
[White "Pantzar, Milton"]
[Black "Johansson, Linus"]
[Result "0-1"]
[WhiteElo "2417"]
[BlackElo "2476"]
[Annotator "TA"]
[PlyCount "52"]
[EventDate "2020.06.10"]
[EventType "swiss"]
[EventCountry "NOR"]
[SourceTitle "playchess.com"]
[Source "ChessBase"]
[SourceQuality "1"]

{[%evp 14,52,10,6,6,8,18,12,8,8,43,-16,-10,-23,-25,-97,-86,-98,-15,-124,-129,-112,-89,-92,-76,-109,-115,-185,-184,-489,-489,-818,-810,-1465,-1456,-1457,-1456,-1449,-1320,-1207,-1179]} 1. d4 Nf6 2. c4 e6 3. Nf3 b6 4. g3 Ba6 5. b3 d5 6. cxd5 exd5 7. Bg2 Bb4+ 8. Bd2 Bxd2+ {E15: Queen's Indian: 4 g3 sidelines, 4 g3 Ba6 and 4 g3 Bb7 early deviations.} 9. Qxd2 Ne4 10. Qc2 O-O {The position is equal.} 11. O-O c5 12. dxc5 {[#]} ({White should play} 12. Nc3 $14) 12... Qf6 $146 ({Predecessor:} 12... bxc5 13. Ne5 Qf6 14. f4 Nc6 15. Nxc6 Qxc6 16. Nd2 f5 17. Nf3 Rad8 {1-0 (17) Karolyi,T (2420)-Podlesnik,B (2380) Maribor 1987}) 13. Nbd2 Nc3 $1 {[%cal Rc3e2]} 14. Rfe1 (14. Kh1 $11) 14... Nc6 15. a3 bxc5 (15... Nxe2+ $17 16. Kh1 Ncd4 17. Nxd4 Nxd4) 16. e4 {[#]} (16. Kh1 $11) 16... Nd4 $1 $36 {[%cal Rd4c2][%mdl 2048] Keeping White busy.} 17. Nxd4 cxd4 {[%cal Bc5d4,Bd4d3][%mdl 32]} 18. e5 Qb6 {...Ne2+ is the strong threat.} 19. Qf5 d3 20. Kf1 (20. Kh1 $17 {keeps fighting.}) 20... Qh6 21. f4 $2 (21. Qf4 Qxh2 22. Qh4 Qxh4 23. gxh4) 21... Ne2 $19 {[#] Threatens to win with ...Qb6.Black is clearly winning.} 22. Nf3 (22. e6 $142 fxe6 23. Qh3) 22... Qb6 {White must now prevent ...Rac8.} 23. Rad1 Rac8 {Strongly threatening ...d2.} 24. Rd2 Rc2 {( -> ...Rxd2)} 25. Red1 Rxd2 26. Rxd2 Rc8 {Accuracy: White = 31%, Black = 85%.} 0-1

[Event "Offerspill Invitational 2020"]
[Site "Oslo"]
[Date "2020.06.17"]
[Round "8.3"]
[White "Notkevich, Benjamin Arvola"]
[Black "Nilsen, Joachim Birger"]
[Result "1/2-1/2"]
[WhiteElo "2476"]
[BlackElo "2411"]
[Annotator "TA"]
[PlyCount "92"]
[EventDate "2020.06.10"]
[EventType "swiss"]
[EventCountry "NOR"]
[SourceTitle "playchess.com"]
[Source "ChessBase"]
[SourceQuality "1"]

{[%evp 9,92,19,8,-4,0,0,0,0,0,0,-1,-10,-4,-13,-14,-18,-5,-8,8,0,4,1,0,0,0,0,4,0,18,14,25,19,20,27,32,2,11,8,8,14,14,2,8,0,0,0,0,-87,-83,-102,0,0,0,0,0,0,4,0,0,0,4,4,32,32,32,4,21,0,38,35,74,74,74,74,81,81,81,19,19,0,0,0,0,0,0]} 1. d4 d5 2. Nf3 e6 3. g3 Nf6 4. Bg2 b5 5. O-O Bb7 6. Nbd2 {A46: 1 d4 Nf6 2 Nf3 e6: Torre, London and Colle Systems.} Nbd7 7. a4 b4 8. c4 bxc3 9. bxc3 c5 10. a5 Rc8 11. a6 Ba8 {[#]} 12. Qa4 $146 ({Predecessor:} 12. c4 Be7 13. Bb2 O-O 14. e3 dxc4 15. Nxc4 Bd5 16. Nfe5 cxd4 17. Bxd5 exd5 18. Nxd7 dxc4 19. Nxf6+ Bxf6 20. Bxd4 Bxd4 21. Qxd4 Qxd4 22. exd4 {0-1 (73) Meins,G (2460)-Bischoff,K (2561) Hoeckendorf 2004}) 12... Bd6 13. Ba3 Bc6 14. Qb3 O-O 15. Rfc1 c4 16. Qa2 Bxa3 17. Qxa3 Rb8 18. Ne5 Nxe5 19. dxe5 Nd7 {[#]} 20. Nxc4 $1 {[%mdl 512]} Bb5 $1 {[%cal Rb5c4]} (20... dxc4 21. Bxc6) 21. Nd6 Nxe5 22. e4 Nc4 23. Nxc4 Bxc4 24. exd5 exd5 25. Re1 Qf6 26. Re7 Rb3 27. Qc5 {[%mdl 64] Double Attack} Rxc3 {White must now prevent ...Be2!} 28. Rc7 {[#]} (28. Rxa7 $11 Rc2 29. Re1) 28... Rc2 $1 $17 29. Re1 {[#]} Bd3 (29... g6 $1 $17 {Threatens to win with ...d4.} 30. Qxa7 Ra2) 30. Qxa7 $11 {aiming for Rxc2.} Rxc7 (30... Bc4 {seems wilder.} 31. h4 d4 32. Rf1 h6 33. Rc6 Qf5) 31. Qxc7 {Hoping for a7.} Qxa6 32. Bxd5 $40 {[%mdl 128] Qxf7+! would kill now. White has some attack.} Bg6 33. Re7 Qa1+ 34. Kg2 Qf6 35. h4 h5 36. Bf3 Qd4 37. Rd7 Qf6 38. Re7 Qd4 39. Re5 Rd8 40. Bxh5 Bxh5 41. Rxh5 $16 {[%mdl 4096] Endgame KQR-KQR} Qe4+ 42. Kh2 Re8 43. Rg5 (43. Qc3 $16) 43... Qf3 $11 {The position is equal.} 44. Qc5 g6 {( -> ...Re1)} 45. Re5 Rxe5 46. Qxe5 Qxf2+ {Accuracy: White = 88%, Black = 92%.} 1/2-1/2

[Event "Offerspill Invitational 2020"]
[Site "Oslo"]
[Date "2020.06.17"]
[Round "8.4"]
[White "Urkedal, Frode Olav Olsen"]
[Black "Haldorsen, Benjamin"]
[Result "1-0"]
[WhiteElo "2557"]
[BlackElo "2458"]
[Annotator "TA"]
[PlyCount "153"]
[EventDate "2020.06.10"]
[EventType "swiss"]
[EventCountry "NOR"]
[SourceTitle "playchess.com"]
[Source "ChessBase"]
[SourceQuality "1"]

{[%evp 16,153,29,14,10,16,22,0,0,0,34,0,0,-23,-1,-37,-60,-72,-20,-20,-17,-22,-22,-12,-17,-8,-10,-9,-9,-5,-11,-15,13,0,0,0,0,-12,-12,-11,-16,-12,-16,-16,83,72,76,77,77,76,154,158,147,109,101,119,104,85,119,106,123,131,131,118,199,40,40,40,40,46,40,40,177,177,198,48,48,40,48,48,198,198,198,198,6107,1179,5106,836,765,768,781,739,854,814,859,818,816,0,801,795,799,765,775,714,746,567,560,564,560,217,542,170,528,510,354,298,564,548,1528,1469,1395,1070,1900,1734,1797,2616,29962,29962,6609,29967,6645,5712,4134,2534,29986,29987,29990,29991,29991,29992]} 1. d4 d5 2. c4 dxc4 3. e4 Nf6 4. e5 Nd5 5. Bxc4 Bf5 6. Ne2 e6 7. O-O Nb6 8. Bb3 Nc6 9. Nbc3 Qd7 {D20: Queen's Gambit Accepted: 3 e3 and 3 e4.} 10. Be3 O-O-O 11. Qc1 Kb8 {The position is equal.} 12. Rd1 Nb4 13. a4 {[#]} a5 $146 ({Predecessor:} 13... N6d5 14. Nxd5 Nxd5 15. a5 a6 16. Nc3 Be7 17. Ba4 Qc8 18. Nxd5 exd5 19. Bg5 f6 20. exf6 gxf6 {0-1 (42) Trippold,D (2104)-Badelka,O (2374) Tarvisio 2017}) 14. Nf4 c6 15. d5 N6xd5 16. Nfxd5 cxd5 (16... exd5 $17 17. Bd4 Bg6) 17. Bb6 $11 Rc8 18. Qe3 Qc6 19. Ba7+ Ka8 20. Rac1 $1 Bc5 21. Bxc5 Qxc5 22. Nxd5 $1 Qxe3 23. Nxe3 Bd3 24. Rc3 Rhd8 25. f4 Kb8 26. f5 Rxc3 27. bxc3 Nc6 28. fxe6 fxe6 29. Bxe6 Nxe5 (29... g6 $11 {keeps the balance.}) 30. Nc4 $1 $16 {[%cal Rc4e5]} Nc6 31. Nxa5 $1 Nxa5 {[#]} 32. Bf5 $1 {[%mdl 512]} Bxf5 (32... Rd5 $142) 33. Rxd8+ Bc8 34. Rg8 {[%mdl 1024] White has strong compensation.} g6 35. Rh8 Nb3 36. Kf2 Nc5 37. Ke3 ({Of course not} 37. Rxh7 $6 Nxa4 38. Rg7 Bf5 $11) 37... Nxa4 38. Kd4 ({Reject} 38. Rxh7 $6 Nxc3 39. Kd4 Ne2+ 40. Ke3 Nc3 $11) 38... b6 39. Rxh7 Nc5 (39... Bf5 $16 {was worth a try.}) 40. Rh6 $2 (40. h4 $1 $18) 40... Bf5 $14 41. g4 Bc2 42. h4 {And now h5 would win.} Kc7 $1 43. h5 gxh5 ({Black should play} 43... Kd6 $1 $14) 44. gxh5 $18 Nd7 {[#]} 45. Rh8 (45. Re6 $1 $18) 45... Kd6 $14 46. h6 {h7 is the strong threat.} Nf6 47. Rb8 Kc7 {[#] White stays focused until the end.} (47... Nd7 $14 48. Rg8 Ke6) 48. Rf8 $1 $18 {[%cal Rf8f6]} Nh7 49. Rf2 Bb3 $2 (49... Bb1 50. Rb2 Bg6) 50. Rg2 (50. c4 $142 Kd6 51. Kc3 Bxc4 52. Kxc4) 50... Kc6 51. Rg6+ (51. c4 $142 Bxc4 52. Kxc4) 51... Kb5 52. Rg7 Bc2 53. Rc7 Bg6 54. c4+ Ka6 55. Kc3 Bb1 56. Kd4 $2 (56. Rf7 $18 {Black must now prevent Re7.} Ng5 57. Rg7) 56... Bc2 $2 {[%mdl 8192]} (56... Bg6 $11 57. Rc6 Bf5) 57. Ke5 Bd3 58. Kd5 Bb1 59. Rg7 Bf5 60. Kc6 Be4+ 61. Kc7 Ka5 62. Rg4 $2 (62. Kd6 Ka6 63. Rf7) 62... Bd3 $2 (62... Bc2 63. Kd6 Bd3) 63. Kc6 $2 (63. Rd4 Bg6 64. Rd6) 63... Bf5 $2 (63... Nf6 {is tougher.} 64. Rd4 Bh7) 64. Rf4 Bd3 65. Kd5 Bg6 $2 (65... Ng5 66. Rh4 Nh7) 66. Rf2 Kb4 67. Kd4 Kb3 68. Rg2 Nf8 69. Re2 Kb4 70. Re5 Nd7 71. Rb5+ Ka4 72. Rg5 Nf8 73. Kc3 {White threatens Rg1 and mate.} Ka3 74. Rd5 {Threatening mate with Rd8.} b5 75. cxb5 {[%cal Bc4b5,Bb5b6,Bb6b7][%mdl 32] White mates.} Ka4 76. b6 Ne6 77. b7 {Accuracy: White = 70%, Black = 48%.} 1-0

[Event "Offerspill Invitational 2020"]
[Site "Oslo"]
[Date "2020.06.17"]
[Round "8.5"]
[White "Mihajlov, Sebastian"]
[Black "Ranaldi, Lucas"]
[Result "1/2-1/2"]
[WhiteElo "2389"]
[BlackElo "2353"]
[Annotator "TA"]
[PlyCount "81"]
[EventDate "2020.06.10"]
[EventType "swiss"]
[EventCountry "NOR"]
[SourceTitle "playchess.com"]
[Source "ChessBase"]
[SourceQuality "1"]

{[%evp 9,81,9,17,-12,34,23,25,34,40,38,34,31,41,29,69,36,39,0,0,0,33,23,59,52,53,40,41,42,38,11,26,20,26,13,10,0,6,0,0,0,0,0,0,0,2,2,2,2,2,2,3,2,2,2,2,2,2,2,8,3,9,8,10,6,9,6,14,0,0,0,0,0,0,0]} 1. e4 c6 2. d4 d5 3. exd5 cxd5 4. Nf3 Nc6 5. Bb5 Bg4 6. c3 {B13: Caro-Kann: Exchange Variation and Panov-Botvinnik Attack.} Rc8 {[#]} 7. Nbd2 $146 {[%cal Bb1d2,Bd2f3,Bf3e5][%mdl 32]} ({Predecessor:} 7. O-O e6 8. h3 Bh5 9. Re1 Bd6 10. Nbd2 Nf6 11. Nb3 O-O 12. Bg5 h6 13. Bh4 Qb6 {½-½ (25) Grouls,C (1634)-Ling,A IECC vs BCCA 1998}) 7... e6 8. Qa4 {White has an edge.} Bxf3 9. Nxf3 ({Much weaker is} 9. gxf3 a6 $15) 9... Qb6 $1 10. O-O Bd6 11. Ne5 a6 12. Bd3 (12. Bxc6+ $5 bxc6 13. Bf4 $16) 12... Nf6 13. Bg5 Bxe5 14. dxe5 Nd7 (14... Ne4 $5 15. Bxe4 dxe4 $14) 15. Be3 $1 {[%cal Re3b6]} Qc7 16. f4 O-O 17. Qd1 f5 18. exf6 Nxf6 19. Kh1 Rce8 20. Qc2 e5 21. fxe5 Nxe5 {The position is equal.} 22. Bf4 Qc6 23. Rad1 Nxd3 24. Qxd3 Ne4 25. Be3 Rxf1+ 26. Rxf1 Qe6 27. Bd4 Rf8 28. Rxf8+ Kxf8 29. Qf3+ Kg8 30. Qf4 {[#] Strongly threatening Qb8+.} Qf7 31. Qb8+ Qf8 32. Qxf8+ Kxf8 $11 {[%mdl 4096] Endgame KB-KN} 33. Kg1 g6 34. Kf1 Ke7 35. Ke2 Ke6 36. a4 b5 37. a5 Nd6 38. b4 h5 39. Ke3 g5 40. Bb6 Nf5+ $1 41. Kf3 {Accuracy: White = 86%, Black = 87%.} 1/2-1/2

[Event "Offerspill Invitational 2020"]
[Site "Oslo"]
[Date "2020.06.17"]
[Round "8.6"]
[White "Aarnes, Eirik"]
[Black "Gjestemoen-VonHirsch, Andre"]
[Result "0-1"]
[WhiteElo "1902"]
[BlackElo "2077"]
[Annotator "TA"]
[PlyCount "40"]
[EventDate "2020.06.10"]
[EventType "swiss"]
[EventCountry "NOR"]
[SourceTitle "playchess.com"]
[Source "ChessBase"]
[SourceQuality "1"]

{[%evp 19,40,0,0,0,23,-11,-2,-8,-13,-10,-8,-86,-102,-108,-95,-114,-115,-112,-107,-200,-190,-685,-685]} 1. e4 c5 2. Nf3 d6 3. d4 cxd4 4. Nxd4 Nf6 5. Nc3 a6 6. Be3 e5 7. Nb3 Be6 8. f3 h5 9. Qd2 Nbd7 10. O-O-O Rc8 11. Kb1 {B90: Sicilian Najdorf: Unusual White 6th moves, 6 Be3 Ng4 and 6 Be3 e5.} b5 12. Rg1 Be7 13. Nd5 {The position is equal.} Bxd5 14. exd5 Nb6 {[#]} 15. g4 $146 (15. Bxb6 $11 {remains equal.} Qxb6 16. g3) ({Predecessor:} 15. Bxb6 Qxb6 16. Bd3 g6 17. Rge1 Kf8 18. f4 Nd7 19. Rf1 f5 20. fxe5 dxe5 21. Na5 {0-1 (38) Rubil,M (2207)-Nagy,B (2381) Austria 2018}) 15... hxg4 $17 ({But not} 15... Nbxd5 $6 16. g5 $11) 16. Bxb6 Qxb6 17. fxg4 Ne4 $36 {[%mdl 2048] Black is in control.} 18. Qg2 Nf2 19. Rd2 {[#]} (19. Re1 $17) 19... Nh3 $1 $19 20. Nc1 $2 (20. Rh1) 20... Qxg1 {White did not feel at home in the position after the opening. Accuracy: White = 29%, Black = 100%.} 0-1

[Event "Offerspill Invitational 2020"]
[Site "Oslo"]
[Date "2020.06.17"]
[Round "8.7"]
[White "Kaasen, Tor Fredrik"]
[Black "Risting, Eivind Olav"]
[Result "1/2-1/2"]
[WhiteElo "2401"]
[BlackElo "2300"]
[Annotator "TA"]
[PlyCount "116"]
[EventDate "2020.06.10"]
[EventType "swiss"]
[EventCountry "NOR"]
[SourceTitle "playchess.com"]
[Source "ChessBase"]
[SourceQuality "1"]

{[%evp 9,116,29,47,0,0,-2,0,-31,-8,-12,35,19,37,-15,4,-37,0,0,6,0,8,0,23,0,0,0,8,-25,-24,-20,-20,-23,-28,-38,-22,-34,-20,-61,-50,-73,-68,-57,-58,-68,-70,-63,-56,-60,-31,-110,-93,-106,-102,-113,-104,-100,0,-180,-60,-47,-51,-52,-58,-110,-111,-114,-86,-103,-98,-200,-189,-273,-267,-254,-138,-141,-143,-210,-212,-205,0,-175,0,-173,0,-184,-184,-177,-203,-356,-355,-373,-351,-317,-193,-175,-172,-269,-100,-119,-99,-308,-65,-112,0,-279,0,-56,0]} 1. e4 c6 2. d4 d5 3. e5 c5 4. Nf3 Nc6 5. dxc5 e6 6. c4 {B12: Caro-Kann: Advance Variation.} Bxc5 7. cxd5 exd5 8. Bd3 {The position is equal.} (8. Be2 {feels hotter.} Nge7 9. O-O Bb6 10. Nc3 O-O 11. Re1) 8... Nge7 {[#]} (8... Bg4 {looks sharper.} 9. O-O Nge7 10. Bf4 Ng6 11. Bg3 O-O) 9. h3 $146 ({Predecessor:} 9. O-O Bg4 10. Re1 Qb6 11. Be3 Bxe3 12. Rxe3 O-O-O 13. Nbd2 Ng6 14. Qa4 Bd7 15. Rc1 {1-0 (59) Matsumura,C (1896)-Filimonov,V (1481) Murmansk 2020}) 9... Bb6 10. O-O O-O 11. a3 ({Better is} 11. Nc3 $14) 11... h6 12. b4 Be6 13. Nc3 Nd4 14. Bb2 Nxf3+ 15. Qxf3 Bd4 16. Na4 Bxb2 17. Nxb2 Nc6 (17... Rc8 {keeps more tension.} 18. Na4 b6 19. Ba6 Rc2 20. Nc3 Qc7) 18. Qg3 Qg5 $36 {[%mdl 2048] Black has some pressure.} 19. Qxg5 hxg5 20. Rfe1 a5 21. b5 Nd4 22. Na4 Rac8 23. Red1 Nb3 $1 {[%cal Rb3a1]} 24. Rab1 Nc5 $1 {[%cal Rc5a4]} 25. Nxc5 Rxc5 26. b6 Rfc8 27. Be2 Rc3 28. a4 R8c5 29. Bf3 (29. Kh2 $15) 29... Kf8 $17 30. Kf1 Ke7 31. Ke1 R3c4 32. Be2 Rc3 (32... Rc2 $17 33. Rb5 Bd7 34. Rxc5 Rxc5) 33. Rb2 $2 (33. Bf3 $1 $11 {and White is okay.}) 33... f6 ({Black should try} 33... Bd7 $1 $19 34. Kd2 Bxa4) 34. exf6+ gxf6 35. Ba6 Bc8 36. Re2+ (36. Bb5 $15) 36... Kd6 37. Bb5 Be6 38. f3 Rc2 39. Rb1 (39. Rdd2 $17 {might work better.} Bf5 40. Rxc2 Rxc2 41. Rxc2 Bxc2 42. g3) 39... Rxe2+ $19 40. Kxe2 {[%mdl 4096] Endgame KRB-KRB} (40. Bxe2 $142 Bd7 41. Ba6) 40... Rc2+ 41. Kf1 Bf5 (41... d4 $1 $19 42. Kg1 Bc4 43. Bxc4 Rxc4) 42. Re1 $17 Bg6 43. Rd1 (43. Re2 $17 {keeps fighting.}) 43... Kc5 $19 44. Re1 Kd6 ({Stronger than} 44... Kxb6 45. Re6+ Kc5 46. Rxf6 $11) 45. Rd1 $1 Kc5 46. Re1 $1 Kd6 ({Inferior is} 46... Kxb6 47. Re6+ Kc5 48. Rxf6 $11) 47. Rd1 $1 Rb2 $1 48. g3 Rh2 49. h4 $2 (49. Kg1 Rxh3 50. Kg2) 49... gxh4 50. gxh4 Rxh4 51. Kf2 Rh7 52. Rc1 Rh2+ 53. Ke3 (53. Kg3 $142 Rc2 54. Rh1) 53... Ke5 $2 (53... Bc2 $1 $19 {has better winning chances.} 54. f4 Be4) 54. f4+ $17 {[#]} Kd6 $1 55. Kd4 $2 (55. Rc7 $17 {was necessary.}) 55... Rd2+ $2 (55... Rb2 $19 {aiming for ...Rb4+.} 56. Rc7 Rb4+ 57. Ke3 d4+ 58. Kf2 Be4) 56. Ke3 $15 {[#]} Rh2 $2 (56... Rc2 $1 $17 {[%cal Rc2c1]} 57. Rg1 Be4) 57. Kd4 $1 $19 Rd2+ $2 (57... Rb2 $19 {Strongly threatening ...Rb4+.} 58. Rc8 Rb4+ 59. Ke3 d4+ 60. Kf3 Rb3+ 61. Ke2 Be4) 58. Ke3 $15 Rh2 {Accuracy: White = 62%, Black = 65%.} (58... Rc2 $1 $15 59. Rxc2 Bxc2) 1/2-1/2

[Event "Offerspill Invitational 2020"]
[Site "Oslo"]
[Date "2020.06.17"]
[Round "8.8"]
[White "Kvaloy, Aksel Bu"]
[Black "Vestby-Ellingsen, Mads"]
[Result "0-1"]
[WhiteElo "2164"]
[BlackElo "2351"]
[Annotator "TA"]
[PlyCount "72"]
[EventDate "2020.06.10"]
[EventType "swiss"]
[EventCountry "NOR"]
[SourceTitle "playchess.com"]
[Source "ChessBase"]
[SourceQuality "1"]

{[%evp 14,72,-25,-28,-21,-43,-21,-90,-66,-58,-58,-51,-64,-62,-21,-22,-4,-58,-16,-20,-5,-8,-8,0,-4,-39,-30,-32,0,0,0,-45,-61,-51,-50,-62,-62,-67,-32,-136,-136,-219,-239,-237,-214,-349,-342,-1281,-1212,-29970,-29970,-29978,-29978,-29975,-1452,-29950,-12834,-5910,-6086,-29986,-29987]} 1. Nf3 e6 2. e4 d5 3. Nc3 Nf6 4. e5 Nfd7 5. d4 c5 6. dxc5 Nc6 7. Bf4 Nxc5 {is cutting edge theory.} 8. a3 Be7 {C11: French: Classical System: 4 e5 and 4 Bg5 dxe4.} 9. h4 a6 {[#]} 10. Ne2 $146 (10. g3 $11 {remains equal.}) ({Predecessor:} 10. h5 f5 11. Nd4 Nxd4 12. Qxd4 O-O 13. Be2 Ne4 14. Nxe4 fxe4 15. Be3 b5 16. Rd1 Bd7 17. c3 Qc7 18. Bg4 Rac8 19. O-O Bc5 20. Qxc5 Qxc5 21. Bxc5 Rxc5 {½-½ (21) Feygin,M (2512)-Schaefer,M (2404) Germany 2014}) 10... f6 {Black is better.} 11. Ned4 O-O 12. Nxc6 bxc6 13. Bd3 Nxd3+ (13... f5 {feels hotter.} 14. Rb1 Rb8 15. Qc1 Ne4 16. c3 c5) 14. cxd3 d4 15. b4 (15. exf6 $11 gxf6 16. Bh6) 15... Qd5 16. O-O a5 17. Rb1 axb4 18. axb4 Ra3 {Strongly threatening ...Ba6.} 19. Qe2 Ba6 $36 {[%mdl 2048] Black has some pressure.} 20. Rfd1 f5 21. Qb2 Rxd3 22. Rxd3 (22. Qa1 $5 {[%cal Ra1a6]} Rxd1+ 23. Rxd1 $11) 22... Bxd3 23. Rd1 Be4 {...d3 is the strong threat.} 24. Rxd4 Qb5 {And now ...c5 would win.} 25. Rd7 Qxb4 26. Qa2 (26. Qxb4 $15 Bxb4 27. h5) 26... Bd5 $17 27. Qa7 (27. Qd2 $17) 27... Qxf4 $19 28. Rxe7 Qg4 29. Kf1 (29. Ne1 {keeps fighting.}) 29... c5 30. Ke1 $2 (30. Qxc5 Ra8 31. Qc3) 30... Ra8 31. Ng5 Qb4+ 32. Kd1 Bb3+ $1 33. Ke2 Qb5+ (33... Qg4+ $142 34. Nf3 Rxa7 35. Rxa7 Qc4+ 36. Kd2 f4 37. Ne1 Qd4+ 38. Ke2 Qxe5+ 39. Kd2 Qb2+ 40. Kd3 c4+ 41. Ke4 Qxf2 {[%mdl 64] Double Attack} 42. Ra8+ {[#]} Kf7 $1 {[%mdl 512]} 43. Ke5 Qxe1+ 44. Kd6 c3 45. Ra7+ Kf6 46. Rc7 Qe5+ 47. Kc6 c2 48. Kb7 Qxc7+ $1 {[%mdl 576] Promotion} 49. Kxc7 c1=Q+ 50. Kb6 Bd5 51. g4 fxg3 52. Ka6 Qc4+ {[%mdl 64] Double Attack} 53. Ka5 g2 54. Kb6 g1=Q+ 55. Ka5 Qgc5#) 34. Ke1 Rxa7 35. Rxa7 Bd5 36. Rc7 Qa5+ {Accuracy: White = 45%, Black = 78%.} 0-1

[Event "Offerspill Invitational 2020"]
[Site "Oslo"]
[Date "2020.06.17"]
[Round "8.9"]
[White "Fossan, Aleksander"]
[Black "Skaslien, Ingrid"]
[Result "1-0"]
[WhiteElo "2240"]
[BlackElo "2024"]
[Annotator "TA"]
[PlyCount "59"]
[EventDate "2020.06.10"]
[EventType "swiss"]
[EventCountry "NOR"]
[SourceTitle "playchess.com"]
[Source "ChessBase"]
[SourceQuality "1"]

{[%evp 15,59,10,20,0,14,13,13,5,11,14,10,0,33,0,0,0,91,-18,-19,-70,50,21,18,-19,38,38,138,142,157,153,133,98,94,87,436,173,155,0,428,435,460,460,624,615,846,840]} 1. e4 e6 2. d4 d5 3. Nc3 Nf6 4. e5 Nfd7 5. f4 c5 6. Nf3 Nc6 7. Be3 Be7 8. Qd2 O-O 9. Be2 {C11: French: Classical System: 4 e5 and 4 Bg5 dxe4.} b6 10. O-O f5 11. dxc5 {The position is equal.} Nxc5 12. Rad1 Bb7 13. a3 Rc8 {[#]} 14. Bb5 $146 ({Predecessor:} 14. Qe1 Qd7 15. b4 Ne4 16. Nxe4 fxe4 17. Nd2 Qc7 18. Nb3 Kh8 19. Qg3 Nd8 20. Nd4 {1-0 (43) Belmar Juaranz,C (2260)-Deneuville,C (2157) ICCF email 2015}) 14... Ne4 15. Nxe4 dxe4 (15... fxe4 $11 {keeps the balance.} 16. Nd4 Nxd4 17. Bxd4 Bc5) 16. Qf2 (16. Qd7 $16 Qxd7 17. Rxd7) 16... Qc7 $11 17. Nd2 {[#]} (17. Bxc6 $11 Bxc6 18. Nd4) 17... Nd8 (17... Nxe5 $1 $15 {[%mdl 512]} 18. fxe5 f4) 18. c3 {White wants to play Nxe4!} Bc6 19. a4 Nf7 (19... Bxb5 $11 20. axb5 g5) 20. Nb3 $14 Rcd8 (20... Bxb5 $14 21. axb5 Nh6) 21. Nd4 $36 {[%mdl 2048] White is really pushing.} Bd7 {[#]} 22. Qe2 $1 Qc8 23. g4 {Strongly threatening gxf5.} Nh6 24. h3 Be8 $2 {[%mdl 8192]} (24... Bc5 $16 {is more resistant.}) 25. Bc4 $2 (25. Ba6 Qa8 26. Nxe6 Rxd1 27. Rxd1) 25... Bd7 $18 26. Bb5 $2 (26. Ba6 $16 Qb8 27. a5) 26... Be8 $1 27. Ba6 {White is clearly winning.} Qb8 28. Nxe6 {[%mdl 64] Discovered Attack} Bxa4 29. Rxd8 Rxd8 30. Nxd8 {Accuracy: White = 54%, Black = 52%.} 1-0